Các bài thí nghiệm trong chương trình vật lý lớp 8, 9 THCS
Cơ sở lí luận và thực tiễn. Xây dựng hệ thống các bài thí nghiệm Vật lí 8, 9 cấp THCS
Bewaard in:
| Hoofdauteur: | |
|---|---|
| Andere auteurs: | |
| Formaat: | Boek |
| Taal: | Vietnamese |
| Gepubliceerd in: |
Đà Nẵng
Đại học Sư phạm, Đại học Đà Nẵng
2013
|
| Onderwerpen: | |
| Tags: |
Voeg label toe
Geen labels, Wees de eerste die dit record labelt!
|
| Thư viện lưu trữ: | Mạng thư viện Đại học Đà Nẵng |
|---|
| LEADER | 01541nam a2200361 4500 | ||
|---|---|---|---|
| 001 | 000019150 | ||
| 003 | 15585 | ||
| 005 | 20140321150330.0 | ||
| 008 | 140320s2013 viesd | ||
| 041 | |a vie | ||
| 072 | |a VL | ||
| 082 | 1 | 4 | |a 530.0712 |b NG-N |
| 100 | 1 | |a Nguyễn Thị Thanh Nhàn | |
| 245 | 1 | 4 | |a Các bài thí nghiệm trong chương trình vật lý lớp 8, 9 THCS |c Nguyễn Thị Thanh Nhàn ; Nguyễn Nhật Quang hướng dẫn |k Khóa luận tốt nghiệp |
| 260 | |a Đà Nẵng |b Đại học Sư phạm, Đại học Đà Nẵng |c 2013 | ||
| 300 | |a 127 tr. |c 29 cm. | ||
| 500 | |a Khóa luận tốt nghiệp đại học. Chuyên ngành: Sư phạm Vật lý | ||
| 520 | |a Cơ sở lí luận và thực tiễn. Xây dựng hệ thống các bài thí nghiệm Vật lí 8, 9 cấp THCS | ||
| 650 | 0 | 4 | |a Vật lý |v Khóa luận tốt nghiệp |x Thí nghiệm |x Dạy và học |
| 653 | |a Giáo dục trung học | ||
| 653 | |a Khoa Vật Lý | ||
| 653 | |a Thí nghiệm vật lí | ||
| 700 | 1 | |a Nguyễn Nhật Quang |e Hướng dẫn | |
| OWN | |a LSP | ||
| AVA | |a UDN50 |b LSP |d 530.0712 NG-N |e available |t Error 5001 Not defined in file expand_doc_bib_avail. |f 1 |g 0 |h N |i 0 |k 1 | ||
| 999 | |a From the UDN01 | ||
| AVA | |a UDN50 |b LSP |d 530.0712 NG-N |e available |t Error 5001 Not defined in file expand_doc_bib_avail. |f 1 |g 0 |h N |i 0 |k 1 | ||
| TYP | |a Monograph | ||
| TYP | |a Printed language | ||
| 980 | |a Mạng thư viện Đại học Đà Nẵng | ||